000 00810nam a2200253Ia 4500
003 OSt
005 20220926010521.0
006 a|||||r|||| 00| 0
007 ta
008 220923b |||||||| |||| 00| 0 eng d
020 _a9788188965212
_c552.5
037 _b5282, 02/09/2014, RAJKIRAN BOOK AGENCY
_cGeneral Book
040 _aRTL
_cRTL
_beng
041 _2eng
_aeng
082 _aY15:47.44Q7, Q3
100 _aSAIGOL Rubina
245 0 _aPakistan project
_bA feminist perspective on nation and identity.
260 _a New Delhi
_bWomen Unlimited
_c2013
300 _axiii,357p.
_ccm.
500 _aGlossary: 368-407p.
650 _aSociology
942 _hY15:47.44Q7, Q3
_cGB
_2CC
999 _c617473
_d617473